000 01600cam0 2200385 ib4500
001 BY-MI0021-br788395
005 20250721164127.0
010 ^a978-5-9951-4617-9
^bв переплете
100 ^a20250502d2020 b y0rusy50 ca
101 0 ^arus
102 ^aRU
105 ^aa z 000zy
109 ^ama
200 1 ^aАзбука
^e[для детей дошкольного возраста]
^fЕлена Ульева
^g[художники: С. Москаева, Е. Ефремова, В. Шабалина]
210 ^aМосква
^cСтрекоза
^d2020
215 ^a[71] с.
^cцв. ил.
^d27 см
225 1 ^aСерия "Дошкольная академия Елены Ульевой"
333 ^a0+
345 ^95000 экз.
606 ^aХУДОЖЕСТВЕННАЯ ЛИТЕРАТУРА
^3BY-NLB-ar37179
^2DVNLB
606 ^aБУКВЫ
^3BY-NLB-ar4595
^2DVNLB
608 ^aДЕТСКАЯ И ЮНОШЕСКАЯ ЛИТЕРАТУРА (художеств. произведение)
^3BY-NLB-ar9019
^2BYGNR
608 ^aСТИХОТВОРЕНИЕ
^3BY-NLB-ar32087
^2BYGNR
686 ^a84(2=411.2)6
^2rubbk
690 ^a1
^2Base
^9BY-MI0021
^xRSEK
700 1 ^aУльева
^bЕ. А.
^gЕлена Александровна
^3BY-SEK-ar9403105
702 1 ^aМоскаева
^bС.
^4440
702 1 ^aЕфремова
^bЕ.
^4440
702 1 ^aШабалина
^bВ.
^4440
801 0 ^aBY
^bBY-MI0021
^c20250502
^gRCR
035 ^a(BY-MI0021)BY-MI0021-br788395
899 0 ^aBY-MI0021
^iУ51
^h84(2=411.2)6